| 000 | 01213 a2200181 4500 | ||
|---|---|---|---|
| 999 |
_c26288 _d26288 |
||
| 020 | _a9780367444884 | ||
| 082 |
_a305.420954 _bFOR-W |
||
| 100 | _aForster, Christine | ||
| 100 | _aSagade, Jaya | ||
| 245 | _aWomen's human rights in India | ||
| 250 | _aSouth Asia Edition | ||
| 260 |
_bRoutledge _c2020 _aNew York |
||
| 300 | _aviii, 224p. | ||
| 504 | _aInclude Index | ||
| 520 | _aThis book focuses on women's human rights in India. Drawing on case studies, it provides a clear overview of the key sources on gender and rights in the country. Further, it contextualizes women's rights at the critical intersection of caste, religion and class, and analyses barriers to the realization of women's human rights in practice. It also develops strategies for moving forward towards greater recognition, protection, promotion and fulfilment of women's human rights in India. Drawing on critical pedagogical tools to analyse groundbreaking court cases, this book will be a key text in human rights studies. It will be indispensable to students, scholars and researchers of gender studies, sociology, law and human rights. | ||
| 650 |
_aWomen's rights _vHuman rights _vLegal status _zIndia |
||
| 942 |
_2ddc _cBK |
||